Statistics for Top 50 footballers with most appearances in Serie A

Click here to take the quiz!

General Stats

  • This quiz has been taken 83 times
    (44 since last reset)
  • The average score is 20 of 50

Answer Stats

PositonPlayerCountryAppearancesYearsMain Club% Correct
2Paolo MaldiniItaly6471984-2009AC Milan
100%
1Gianluigi BuffonItaly6571995-2023Juventus
98%
4Javier ZanettiArgentina6151995-2014Internazionale
95%
3Francesco TottiItaly6191992-2017Roma
93%
7Samir HandanovicSlovenia5662004-2023Internazionale
85%
39Antonio Di NataleItaly4452002-2016Udinese
80%
22Alessandro Del PieroItaly4781993-2012Juventus
78%
33Daniele De RossiItaly4592002-2019Roma
78%
19Andrea PirloItaly4931994-2015AC Milan
75%
28Franco BaresiItaly4701977-1997AC Milan
70%
50Alessandro NestaItaly4171993-2012AC Milan
68%
47Fabio CannavaroItaly4211992-2010Parma
65%
9Fabio QuagliarellaItaly5561999-2022Sampdoria
65%
45Paolo CannavaroItaly4221999-2018Napoli
63%
36Roberto BaggioItaly4521986-2004Juventus
63%
20Goran PandevNorth Macedonia4932003-2022Lazio
60%
6Dino ZoffItaly5701961-1983Juventus
55%
35Alessandro CostacurtaItaly4581987-2007AC Milan
50%
13Gianni RiveraItaly5271958-1979AC Milan
43%
10Roberto ManciniItaly5411981-2000Sampdoria
43%
49Sandro MazzolaItaly4171960-1977Internazionale
38%
11Silvio PiolaItaly5371929-1954Lazio
38%
5Gianluca PagliucaItaly5921985-2007Bologna
35%
14Giuseppe BergomiItaly5191980-1999Internazionale
35%
24Angelo PeruzziItaly4781987-2007Juventus
33%
15Alberto GilardinoItaly5141999-2017Fiorentina
30%
16Ciro FerraraItaly5001984-2005Juventus
30%
26Giacinto FacchettiItaly4751960-1978Internazionale
30%
34Sergio PellissierItaly4592002-2019Chievo Verona
30%
25Andrea ConsigliItaly4752005-todaySassuolo
28%
40Giampiero BonipertiItaly4431946-1961Juventus
25%
8Pietro VierchowodItaly5621980-2000Sampdoria
25%
32Jose AltafiniBrazil/Italy4591958-1976AC Milan
20%
38Sebastien FreyFrance4461998-2013Fiorentina
20%
44Amedeo AmadeiItaly4231936-1956Roma
15%
27Antonio CandrevaItaly4712005-todayLazio
15%
12Enrico AlbertosiItaly5321958-1980Fiorentina
13%
18Tarcisio BurgnichItaly4941958-1977Internazionale
13%
31Franco CausioItaly4601967-1986Juventus
10%
23Giancarlo De SistiItaly4781960-1979Fiorentina
10%
17Giovanni GalliItaly4961977-1995Fiorentina
8%
46Luca MarchegianiItaly4221988-2005Lazio
8%
41Mario CorsoItaly4361958-1974Internazionale
8%
29Pietro FerrarisItaly4691929-1950Internazionale
8%
37Dario DainelliItaly4462000-2018Chievo Verona
5%
21Giuseppe FavalliItaly4861989-2010Lazio
5%
48Morgan De SanctisItaly4191998-2016Udinese
3%
30Sergio CervatoItaly4661948-1964Fiorentina
3%
43Francesco JanichItaly4251956-1972Bologna
0%
42Giacomo MariItaly4261946-1960Juventus
0%

Score Distribution

Percentile by Number Answered

Percent of People with Each Score

Your Score History

You have not taken this quiz since the last reset